000 01373nam a2200361 i 4500
003 DO-SdBNP
005 20260701091912.0
007 ta
008 260701b2009 dr ||||| |||| 00| 0 spa d
020 _a9789945457148 (rústica)
040 _aDO-SdBNP
_bspa
_cBNPHU
_espa
041 _aspa
082 4 _axxx
_bxxx
_222
100 _aMartínez, Rufino,
_eautor
_4aut.
_938668
245 1 0 _aHombres dominicanos :
_bTrujillo y Heureaux /
_cRufino Martínez ; presentación, Mariano Mella ; cuidado de edición, Sócrates Olivo Álvarez
250 _asegunda edición
264 4 _aSanto Domingo :
_bSociedad Dominicana de Bibliófilos,
_c©2009.
300 _avolumen ;
_c23 cm.
336 _atexto
_btxt
_2rdacontent
337 _asin mediación
_bn
_2rdamedia
338 _avolumen
_bnc
_2rdacarrier
490 0 _aColección Bibliófilos 2000
500 _aIncluye índice de nombres
500 _aIncluye referencias bibliográficas y notas al pie de las páginas
504 _a
534 _aFacsímil : Hombres Dominicanos : Deschamps, Heureaux, Luperón
_b 1936
_cCiudad Trujillo, República Dominicana :
590 _aInventariado, 2026/BT
600 1 0 _a Heureaux, Ulises,
_d1845-1899
_9598
700 1 _aMella, Mariano,
_epresentación
_dpre.
_938577
700 1 _aOlivo Álvarez, Sócrates,
_deditor
_4ed.
_990458
910 _aBtavárez
942 _2ddc
_cLBS1
999 _c60979
_d60979